[Event "GRE-ch U12"]
[Site "Peristeri"]
[Date "2023.07.08"]
[Round "8"]
[White "Marinidis, Stavros"]
[Black "Kokkalis, Georgios Stef"]
[Result "1-0"]
[WhiteElo "1421"]
[BlackElo "1257"]
[PlyCount "53"]
[EventDate "2023.07.03"]
[EventType "swiss"]
[EventRounds "9"]
[EventCountry "GRE"]
[SourceTitle "EXT 2024"]
[Source "ChessBase"]
[SourceDate "2023.10.10"]
[SourceVersion "1"]
[SourceVersionDate "2023.10.10"]
[SourceQuality "1"]

1. e4 e5 2. Nf3 Nc6 3. Bb5 a6 4. Ba4 Bc5 5. 0-0 b5 6. Bb3 Nf6 7. Re1 0-0 8. c3 d6 9. h3 Bb7 10. d3 h6 11. Nbd2 a5 12. Nf1 Ne7 13. Ng3 Bb6 14. Nh4 Bc8 15. Qf3 Be6 16. Bxh6 Nxe4 17. Nxe4 gxh6 18. Qh5 Kg7 19. Ng3 Ng8 20. Re4 Qf6 21. Rf1 Bxb3 22. axb3 Ne7 23. Nhf5+ Nxf5 24. Nxf5+ Kh7 25. Rh4 Qg6 26. Qf3 Kg8 27. Ne7+ 1-0

[Event "GRE-ch U12"]
[Site "Peristeri"]
[Date "2023.07.05"]
[Round "4"]
[White "Marinidis, Stavros"]
[Black "Skarlas, Vasileios"]
[Result "1/2-1/2"]
[WhiteElo "1421"]
[BlackElo "1263"]
[PlyCount "62"]
[EventDate "2023.07.03"]
[EventType "swiss"]
[EventRounds "9"]
[EventCountry "GRE"]
[SourceTitle "EXT 2024"]
[Source "ChessBase"]
[SourceDate "2023.10.10"]
[SourceVersion "1"]
[SourceVersionDate "2023.10.10"]
[SourceQuality "1"]

1. e4 e5 2. Nf3 Nc6 3. Bb5 a6 4. Ba4 Nf6 5. 0-0 b5 6. Bb3 Bc5 7. Re1 d6 8. c3 Bb6 9. h3 0-0 10. d4 h6 11. a4 Bb7 12. Na3 Re8 13. d5 Ne7 14. Qd3 Nd7 15. Qc2 Nc5 16. axb5 axb5 17. Be3 Qd7 18. Nh2 f5 19. Bxc5 Bxc5 20. Qe2 fxe4 21. Qxe4 Rf8 22. Ng4 Rf4 23. Qd3 Raf8 24. Re2 Qf5 25. Qg3 Qg5 26. Kh2 e4 27. Ne3 Qf6 28. Ng4 Qg5 29. Ne3 Qf6 30. Ng4 Qg5 31. Ne3 Qf6 1/2-1/2

[Event "GRE-ch U12"]
[Site "Peristeri"]
[Date "2023.07.04"]
[Round "3"]
[White "Chompas, Vasileios"]
[Black "Marinidis, Stavros"]
[Result "0-1"]
[WhiteElo "1194"]
[BlackElo "1421"]
[PlyCount "112"]
[EventDate "2023.07.03"]
[EventType "swiss"]
[EventRounds "9"]
[EventCountry "GRE"]
[SourceTitle "EXT 2024"]
[Source "ChessBase"]
[SourceDate "2023.10.10"]
[SourceVersion "1"]
[SourceVersionDate "2023.10.10"]
[SourceQuality "1"]

1. e4 e5 2. Nf3 Nc6 3. Bb5 a6 4. Ba4 Nf6 5. d3 b5 6. Bb3 Be7 7. c3 d6 8. Nbd2 0-0 9. 0-0 Bb7 10. Re1 Nb8 11. Nf1 Re8 12. Ng3 Bf8 13. h3 g6 14. Bg5 Nbd7 15. Qd2 c5 16. Bh6 Bg7 17. Bxg7 Kxg7 18. Ng5 d5 19. exd5 Bxd5 20. Bxd5 Nxd5 21. d4 N5f6 22. Rad1 cxd4 23. cxd4 exd4 24. Qxd4 Qb6 25. Qxb6 Nxb6 26. Rxe8 Rxe8 27. Rd6 Re1+ 28. Kh2 Nfd5 29. N3e4 h6 30. Nc3 Nxc3 31. Rxb6 Nxa2 32. Rxa6 hxg5 33. Rxa2 Re2 34. Kg3 b4 35. Ra5 Rxb2 36. Rxg5 f5 37. Kf3 b3 38. g4 Rxf2+ 39. Kxf2 b2 40. gxf5 b1Q 41. Rxg6+ Kf7 42. Rg4 Qxf5+ 43. Kg2 Kf6 44. Kg3 Qd3+ 45. Kg2 Kf5 46. Kh2 Qf3 47. Rg3 Qe4 48. Rg4 Qe2+ 49. Kg3 Qf1 50. Kh2 Qf3 51. Rg3 Qe2+ 52. Rg2 Qe5+ 53. Kg1 Kf4 54. Kf2 Qe3+ 55. Kf1 Kf3 56. Rc2 Qd3+ 0-1

[Event "GRE-ch U12"]
[Site "Thessaloniki"]
[Date "2022.08.19"]
[Round "2"]
[White "Marinidis, Stavros"]
[Black "Vassis, Michail"]
[Result "0-1"]
[WhiteElo "1454"]
[BlackElo "1748"]
[PlyCount "124"]
[EventDate "2022.08.18"]
[EventType "swiss"]
[EventRounds "9"]
[EventCountry "GRE"]
[SourceTitle "EXT 2023"]
[Source "ChessBase"]
[SourceDate "2022.10.05"]
[SourceVersion "1"]
[SourceVersionDate "2022.10.05"]
[SourceQuality "1"]

1. e4 Nf6 2. e5 Nd5 3. d4 d6 4. Nf3 g6 5. c4 Nb6 6. Be2 Bg7 7. 0-0 0-0 8. Bf4 Nc6 9. Nc3 Bg4 10. Re1 Bxf3 11. Bxf3 Nxc4 12. Bxc6 bxc6 13. Qe2 Nb6 14. Rad1 Qd7 15. b3 a5 16. d5 cxd5 17. Nxd5 Nxd5 18. Rxd5 a4 19. h3 axb3 20. axb3 Rfb8 21. exd6 exd6 22. Rd3 Rb7 23. Re3 Rbb8 24. Re7 Qc6 25. Re3 h5 26. Qf3 Qxf3 27. Rxf3 Kf8 28. Rc1 Rb7 29. Re3 Bf6 30. Re2 g5 31. Be3 Ra3 32. b4 Rb3 33. Rec2 Bd8 34. Bd2 Ke8 35. Rc4 Kd7 36. Kf1 Be7 37. f4 f6 38. Re1 d5 39. Rd4 c6 40. fxg5 fxg5 41. Ke2 Bxb4 42. Rf1 Bxd2 43. Rxd2 Ke6 44. Rc2 Rb2 45. Kd2 R7b3 46. Rf8 Rxc2+ 47. Kxc2 Rg3 48. Rc8 Kd7 49. Rh8 Rxg2+ 50. Kd1 h4 51. Rh5 Kd6 52. Kc1 Ke5 53. Kd1 Kd4 54. Rh6 Kd3 55. Kc1 c5 56. Ra6 c4 57. Rf6 Rg1+ 58. Kb2 c3+ 59. Kb3 Rb1+ 60. Ka2 c2 61. Rf3+ Ke2 62. Rf5 Ra1+ 0-1

[Event "EU-chT U12"]
[Site "Thessaloniki"]
[Date "2022.07.18"]
[Round "7.1"]
[White "Ivanov, Andrey7777"]
[Black "Marinidis, Stavros"]
[Result "0-1"]
[WhiteElo "1515"]
[BlackElo "1375"]
[PlyCount "103"]
[EventDate "2022.07.12"]
[EventType "team-swiss"]
[EventRounds "7"]
[EventCountry "GRE"]
[SourceTitle "EXT 2023"]
[Source "ChessBase"]
[SourceDate "2022.10.05"]
[SourceVersion "1"]
[SourceVersionDate "2022.10.05"]
[SourceQuality "1"]
[WhiteTeam "Macedonia U12"]
[BlackTeam "Greece Triandria U12"]
[WhiteTeamCountry "MKD"]
[BlackTeamCountry "GRE"]

1. d4 d5 2. Nf3 Nf6 3. e3 Bf5 4. Nbd2 h6 5. c4 e6 6. b3 c6 7. Bb2 Nbd7 8. Be2 Be7 9. Ne5 Nxe5 10. dxe5 Ne4 11. 0-0 0-0 12. Nf3 a5 13. Nd4 Bh7 14. f3 Nc5 15. f4 f6 16. Ba3 Qd7 17. exf6 Rxf6 18. Bg4 Ne4 19. Bxe7 Qxe7 20. Bxe6+ Rxe6 21. Nxe6 Qxe6 22. cxd5 cxd5 23. Qd4 Nd6 24. Rfd1 Be4 25. h3 h5 26. Rac1 Qg6 27. Rd2 Nf5 28. Qc3 Nh4 29. Rf2 Qg3 30. Qb2 Nxg2 31. Rxg2 Bxg2 32. Rc7 Bf3+ 33. Kf1 Qxh3+ 34. Ke1 Qh1+ 35. Kd2 Qd1+ 36. Kc3 Ra6 37. Qa3 Rc6+ 38. Rxc6 bxc6 39. Qe7 Be4 40. Qe8+ Kh7 41. Kb2 Qg4 42. Ka3 h4 43. Qe5 h3 44. Qb2 Qh4 45. Qh2 Qg4 46. Qb2 Qg3 47. Qe5 Qh4 48. Qb2 h2 49. Qe5 h1Q 50. Ka4 Q1e1 51. a3 Qe2 52. Qb8 0-1

[Event "EU-chT U12"]
[Site "Thessaloniki"]
[Date "2022.07.17"]
[Round "6.1"]
[White "Marinidis, Stavros"]
[Black "Margaritis, Ioannis M"]
[Result "0-1"]
[WhiteElo "1375"]
[BlackElo "1525"]
[PlyCount "90"]
[EventDate "2022.07.12"]
[EventType "team-swiss"]
[EventRounds "7"]
[EventCountry "GRE"]
[SourceTitle "EXT 2023"]
[Source "ChessBase"]
[SourceDate "2022.10.05"]
[SourceVersion "1"]
[SourceVersionDate "2022.10.05"]
[SourceQuality "1"]
[WhiteTeam "Greece Triandria U12"]
[BlackTeam "Greece Triandria U12"]
[WhiteTeamCountry "GRE"]
[BlackTeamCountry "GRE"]

1. e4 c5 2. Nf3 d6 3. Bb5+ Bd7 4. Bxd7+ Qxd7 5. c4 Nc6 6. Nc3 g6 7. d4 cxd4 8. Nxd4 Bg7 9. Be3 Nf6 10. f3 0-0 11. 0-0 Rac8 12. b3 Rfd8 13. Rc1 e6 14. Qd2 Qe7 15. Rfd1 Rd7 16. Qf2 Rcd8 17. Ncb5 a6 18. Nxc6 bxc6 19. Na7 Rc7 20. Bb6 c5 21. e5 Ne8 22. exd6 Rxd6 23. Rxd6 Qxd6 24. Bxc7 Qxc7 25. Kf1 Qxa7 26. Rd1 Bd4 27. Qh4 Qb8 28. g3 Qe5 29. Re1 Qf5 30. Qg4 Qd3+ 31. Re2 Qb1+ 32. Kg2 Qg1+ 33. Kh3 Qf1+ 34. Rg2 Nf6 35. Qf4 Kg7 36. g4 e5 37. Qg3 g5 38. a3 Nd7 39. b4 cxb4 40. axb4 Qxc4 41. Qe1 Qc6 42. Kg3 Qh6 43. Rg1 Bxg1 44. Qxg1 Qb6 45. Qc1 h6 0-1

[Event "EU-chT U12"]
[Site "Thessaloniki"]
[Date "2022.07.14"]
[Round "3.1"]
[White "Marinidis, Stavros"]
[Black "Besou, Hussain"]
[Result "0-1"]
[WhiteElo "1375"]
[BlackElo "2078"]
[PlyCount "94"]
[EventDate "2022.07.12"]
[EventType "team-swiss"]
[EventRounds "7"]
[EventCountry "GRE"]
[SourceTitle "EXT 2023"]
[Source "ChessBase"]
[SourceDate "2022.10.05"]
[SourceVersion "1"]
[SourceVersionDate "2022.10.05"]
[SourceQuality "1"]
[WhiteTeam "Greece Triandria U12"]
[BlackTeam "Germany U12"]
[WhiteTeamCountry "GRE"]
[BlackTeamCountry "GER"]

1. e4 c6 2. d4 d5 3. e5 Bf5 4. h4 h5 5. Nf3 e6 6. Bd3 Bxd3 7. Qxd3 Qa5+ 8. Bd2 Qa6 9. Qxa6 Nxa6 10. a3 c5 11. dxc5 Nxc5 12. Nc3 a6 13. 0-0 Ne7 14. b4 Nd7 15. Rfe1 Rc8 16. Rac1 Nb6 17. Nb1 Nf5 18. Bg5 Nc4 19. Nfd2 Nb2 20. Nb3 Be7 21. Bxe7 Kxe7 22. g3 b6 23. Re2 Rc7 24. c3 Na4 25. Rec2 Rhc8 26. c4 dxc4 27. N1d2 b5 28. Ne4 Rd8 29. Nbc5 Nxc5 30. Nxc5 Nd4 31. Ra2 Nf3+ 32. Kg2 Nxe5 33. Re2 Nd3 34. Nxd3 Rxd3 35. Re3 Rxe3 36. fxe3 Rd7 37. a4 Rd2+ 38. Kf3 Rb2 39. Ke4 Rxb4 40. axb5 axb5 41. Kd4 Kd6 42. Ra1 Ra4 43. Rb1 Kc6 44. Rb2 Ra3 45. Rb1 Rd3+ 46. Ke4 Kc5 47. Ra1 Rd7 0-1

[Event "EU-chT U12"]
[Site "Thessaloniki"]
[Date "2022.07.13"]
[Round "2.1"]
[White "Negrean, Andrei"]
[Black "Marinidis, Stavros"]
[Result "1-0"]
[WhiteElo "1976"]
[BlackElo "1375"]
[PlyCount "73"]
[EventDate "2022.07.12"]
[EventType "team-swiss"]
[EventRounds "7"]
[EventCountry "GRE"]
[SourceTitle "EXT 2023"]
[Source "ChessBase"]
[SourceDate "2022.10.05"]
[SourceVersion "1"]
[SourceVersionDate "2022.10.05"]
[SourceQuality "1"]
[WhiteTeam "Romania U12"]
[BlackTeam "Greece Triandria U12"]
[WhiteTeamCountry "ROU"]
[BlackTeamCountry "GRE"]

1. d4 d5 2. c4 e6 3. Nf3 Nf6 4. g3 c6 5. Bg2 Nbd7 6. Nbd2 Be7 7. 0-0 0-0 8. Qc2 Qc7 9. e4 b6 10. cxd5 exd5 11. e5 Ne8 12. Nb3 Ba6 13. Re1 g6 14. Bf4 Qb7 15. e6 Ndf6 16. exf7+ Rxf7 17. Ne5 Bb4 18. Nxf7 Qxf7 19. Re3 Ng4 20. Rf3 Qd7 21. h3 Ngf6 22. a3 Bf8 23. Rc3 Rc8 24. Be5 Bg7 25. a4 Nd6 26. Bxf6 Bxf6 27. Rxc6 Bc4 28. Rxc8+ Qxc8 29. Rc1 Qd8 30. Nd2 Nf5 31. Nxc4 Nxd4 32. Qd3 dxc4 33. Qxc4+ Kh8 34. Kh2 Qd6 35. Qf7 Qd8 36. Rc7 Qxc7 37. Qf8# 1-0

[Event "GRE-chT2 48th"]
[Site "Thessaloniki"]
[Date "2021.10.10"]
[Round "7.4"]
[White "Gerasopoulos, Nikolaos"]
[Black "Marinidis, Stavros"]
[Result "0-1"]
[WhiteElo "1332"]
[BlackElo "1104"]
[PlyCount "78"]
[EventDate "2021.10.05"]
[EventType "team-swiss"]
[EventRounds "7"]
[EventCountry "GRE"]
[SourceTitle "CBM 204 Extra"]
[Source "ChessBase"]
[SourceDate "2021.11.30"]
[SourceVersion "1"]
[SourceVersionDate "2021.11.30"]
[SourceQuality "1"]
[WhiteTeam "Thessaloniki ES"]
[BlackTeam "Triandrias OS"]
[WhiteTeamCountry "GRE"]
[BlackTeamCountry "GRE"]

1. e4 e5 2. Nf3 Nc6 3. d4 exd4 4. c3 d5 5. exd5 Qxd5 6. cxd4 Bd7 7. Nc3 Bb4 8. Be2 0-0-0 9. 0-0 Qd6 10. d5 Nce7 11. Qd4 Bc5 12. Qxg7 Nf6 13. Qg5 Rhg8 14. Bf4 Qb6 15. Qe5 Ng4 16. Qh5 Nxf2 17. Bg3 Ne4+ 18. Kh1 Nxg3+ 19. hxg3 Rg6 20. Nh4 Rh6 21. Qxf7 Ng6 22. Rf4 Nxf4 23. Qxf4 Rf8 24. Qg5 Rhf6 25. Ne4 R6f7 26. Rc1 Be3 27. Nd6+ Qxd6 28. Qxe3 Kb8 29. Rc3 Re7 30. Qd3 a6 31. Qc2 Rf2 32. Qd1 Rfxe2 33. Qd4 Re1+ 34. Kh2 R1e4 35. Qh8+ Bc8 36. Nf5 Qe5 37. Qd8 Qxf5 38. d6 Qh5+ 39. Kg1 Re1+ 0-1

[Event "EU-ch Amateur Online Final 2000/2300"]
[Site "Tornelo INT"]
[Date "2021.04.28"]
[Round "6"]
[White "Marinidis, Stavros"]
[Black "Rychagov, Nikita"]
[Result "0-1"]
[WhiteElo "1003"]
[BlackElo "1905"]
[PlyCount "72"]
[EventDate "2021.04.28"]
[EventType "swiss (rapid)"]
[EventRounds "9"]
[EventCountry "NET"]
[SourceTitle "EXT 2023"]
[Source "ChessBase"]
[SourceDate "2022.10.05"]
[SourceVersion "1"]
[SourceVersionDate "2022.10.05"]
[SourceQuality "1"]

1. e4 e5 2. Nf3 Nc6 3. Bb5 a6 4. Ba4 Nf6 5. 0-0 b5 6. Bb3 Bb7 7. Re1 Bc5 8. c3 d6 9. d4 Bb6 10. Bg5 h6 11. Bh4 g5 12. Bg3 0-0 13. h4 g4 14. d5 Ne7 15. Nfd2 c6 16. dxc6 Nxc6 17. h5 Qd7 18. Bh4 Nxh5 19. c4 Nd4 20. cxb5 axb5 21. Nc3 Nf4 22. Nf1 Kh7 23. Ne3 Nxb3 24. Qxb3 Bxe3 25. Rxe3 Bc6 26. Rd1 f5 27. exf5 Nxg2 28. Red3 Nxh4 29. Rxd6 Qxf5 30. Ne4 Bxe4 31. Qe3 Qf4 32. Qb6 Rf7 33. Rd7 Raf8 34. Qa7 g3 35. Rxf7+ Rxf7 36. fxg3 Qxg3# 0-1

[Event "EU-ch Amateur Online Final 1700/2000"]
[Site "Tornelo INT"]
[Date "2021.04.25"]
[Round "3"]
[White "Narusberg, Peep"]
[Black "Marinidis, Stavros"]
[Result "1-0"]
[WhiteElo "1703"]
[BlackElo "1003"]
[PlyCount "97"]
[EventDate "2021.04.25"]
[EventType "swiss (rapid)"]
[EventRounds "9"]
[EventCountry "NET"]
[SourceTitle "EXT 2023"]
[Source "ChessBase"]
[SourceDate "2022.10.05"]
[SourceVersion "1"]
[SourceVersionDate "2022.10.05"]
[SourceQuality "1"]

1. f4 d5 2. Nf3 Nf6 3. e3 Bg4 4. d4 h6 5. c3 e6 6. Bd3 Nbd7 7. 0-0 c5 8. h3 Bxf3 9. Qxf3 Rc8 10. Nd2 Be7 11. Qg3 Nh5 12. Qg4 g6 13. Qf3 Ndf6 14. Bb5+ Nd7 15. g4 Ng7 16. Bd3 c4 17. Bc2 b5 18. a3 a5 19. e4 Nb6 20. e5 h5 21. f5 hxg4 22. hxg4 gxf5 23. gxf5 Kd7 24. f6 Qg8 25. fxe7 Nf5+ 26. Kf2 Rh2+ 27. Ke1 Qg5 28. Bxf5 Qh4+ 29. Kd1 exf5 30. Qxf5+ Kc7 31. Nf3 Qg3 32. Nxh2 Qxh2 33. Qxf7 Qh3 34. e8Q+ Kb8 35. Qxc8+ Nxc8 36. Qf3 Qh7 37. Bd2 Nb6 38. Qf8+ Nc8 39. Qf4 Qh5+ 40. Qf3 Qh7 41. Qxd5 Qd3 42. Qf3 Qg6 43. d5 Nb6 44. d6 Na4 45. Kc1 Qe6 46. Qf8+ Ka7 47. Be3+ Kb7 48. Rf7+ Kc6 49. Qa8# 1-0